The economics of money, banking, and financial markets /

Bibliographic Details
Main Author: Mishkin, Frederic S.
Format: Book
Language:English
Published: Boston : Addison-Wesley, c2010.
Edition:Ninth edition and global edition.
Series:The Addison-Wesley Series in economics.
Subjects:
Classic Catalogue: View this record in Classic Catalogue
LEADER 01776nam a2200337 a 4500
001 0020889
003 BD-DhAAL
008 100829s2010 maua b 001 0 eng d
010 |a  2009018632 
020 |a 0321649362 
020 |a 9780321649362 
040 |a DLC  |c DLC  |d BD-DhAAL 
082 0 0 |a 332  |2 22 
100 1 |a Mishkin, Frederic S. 
245 1 4 |a The economics of money, banking, and financial markets /  |c Frederic Mishkin. 
250 |a Ninth edition and global edition. 
260 |a Boston :  |b Addison-Wesley,  |c c2010. 
300 |a xli, 664 p. :  |b ill. (some col.) ;  |c 26 cm 
490 0 |a The Addison-Wesley Series in economics 
504 |a Includes bibliographical references and index. 
526 |a ESS  |x Nirvana Mujtaba Lecturer Department of Economics and Social Sciences BRAC University Course Name : N/A 
541 1 |e 0020889, 0020890  |a Essence Science Publications 
650 0 |a Finance. 
650 0 |a Money. 
650 0 |a Banks and banking. 
830 |a The Addison-Wesley Series in economics.  |9 57619 
852 |a Ayesha Abed Library  |c General Stacks 
942 |2 ddc  |c BK 
999 |c 9392  |d 9392 
952 |0 0  |1 0  |2 ddc  |4 0  |6 332_000000000000000_MIS_2010  |7 0  |9 11855  |a BRACUL  |b BRACUL  |c GEN  |d 2010-09-19  |e Essence Science Publications  |g 4850.00  |l 25  |m 210  |o 332 MIS  |p 3010020890  |q 2026-05-17  |r 2026-02-28  |s 2026-02-28  |t 2  |v 9700.00  |w 2010-09-19  |y BK  |x Requisitioned by Nirvana Mujtaba, Lecturer, Department of Economics and Social Sciences, BRAC University 
952 |0 0  |1 0  |2 ddc  |4 0  |6 332_000000000000000_MIS_2010  |7 0  |9 11973  |a BRACUL  |b BRACUL  |c GEN  |d 2010-09-22  |e Essence Science Publications  |g 4850.00  |l 23  |m 176  |o 332 MIS  |p 3010020889  |r 2026-02-23  |s 2025-10-18  |t 1  |v 9700.00  |w 2010-09-22  |y BK  |x Requisitioned by Nirvana Mujtaba, Lecturer, Department of Economics and Social Sciences, BRAC University